My first book of dinosaurs : (Record no. 110278)
[ view plain ]
| 000 -LEADER | |
|---|---|
| fixed length control field | 00372nam a2200133 a 4500 |
| 005 - DATE AND TIME OF LATEST TRANSACTION | |
| control field | 20140414131853.0 |
| 008 - FIXED-LENGTH DATA ELEMENTS--GENERAL INFORMATION | |
| fixed length control field | 100806s19uu xx 00 eng d |
| 050 ## - LIBRARY OF CONGRESS CALL NUMBER | |
| Classification number | M 567.9 |
| Item number | D61 2007 |
| 245 ## - TITLE STATEMENT | |
| Title | My first book of dinosaurs : |
| Remainder of title | Book 2. |
| 260 ## - PUBLICATION, DISTRIBUTION, ETC. (IMPRINT) | |
| Place of publication, distribution, etc | Manila, Philippines : |
| Name of publisher, distributor, etc | Lampara, |
| Date of publication, distribution, etc | 2007. |
| 650 ## - SUBJECT ADDED ENTRY--TOPICAL TERM | |
| Topical term or geographic name as entry element | Dinosaur |
| General subdivision | Juvenile literature |
| Withdrawn status | Lost status | Damaged status | Home library | Current library | Shelving location | Date acquired | Total Checkouts | Full call number | Barcode | Date last seen | Price effective from | Koha item type |
|---|---|---|---|---|---|---|---|---|---|---|---|---|
| Munich Library | Munich Library | Main Section | 08/06/2010 | M 567.9 D61 2007 | M0620 | 04/14/2014 | 04/14/2014 | Books | ||||
| Munich Library | Munich Library | Main Section | 08/07/2010 | M 567.9 D61 2007 | M0484 | 04/14/2014 | 04/14/2014 | Books |